| 000 | 00424nam a22001457a 4500 | ||
|---|---|---|---|
| 008 | 230324b |||||||| |||| 00| 0 eng d | ||
| 040 |
_aNational Science Library _cNational Science Library |
||
| 080 |
_aD 681.3.06Java _bP1 |
||
| 100 | _aMacAuley, Christian | ||
| 245 |
_aJava script: _bProgrammer's reference |
||
| 260 |
_aNew Delhi: _bOsborne, _c2001 |
||
| 300 | _a272p. | ||
| 650 | _aComputer science | ||
| 942 |
_2udc _cBK |
||
| 999 |
_c14130 _d14130 |
||